Normal view
MARC view
- LASERS IN CHEMISTRY. LASERS SPECTROSCOPY .LASERS PHOTOCHEMISTRY
Entry Topical Term
001 - CONTROL NUMBER
- control field: 80368
003 - CONTROL NUMBER IDENTIFIER
- control field: NUST
005 - DATE AND TIME OF LATEST TRANSACTION
- control field: 20210628210645.0
008 - FIXED-LENGTH DATA ELEMENTS
- fixed length control field: 210628|| aca||aabn | a|a d
040 ## - CATALOGING SOURCE
- Original cataloging agency: NUST
- Transcribing agency: NUST
150 ## - HEADING--TOPICAL TERM
- Topical term or geographic name entry element: LASERS IN CHEMISTRY. LASERS SPECTROSCOPY .LASERS PHOTOCHEMISTRY
670 ## - SOURCE DATA FOUND
- Source citation: Work cat.: (NUST): Van Hecke, Gerald.R Karukstis, Kerry.K 80367, A guide to lasers in chemistry, 1998
